| 000 | 01383nmm a2200421 a 4500 | ||
|---|---|---|---|
| 003 | AR-X00000XY | ||
| 005 | 20251128211907.0 | ||
| 008 | 017020s2005 ||||||||||||||000 | spa|| | ||
| 020 | _a958-97713-0-0 | ||
| 040 | _cAR-X00000XY | ||
| 245 | 1 | 0 |
_aFausto Cabrera, Catalino Parra, Manuel H _bPremio nacional vida y obra 2004, Ministerio de Cultura |
| 260 |
_aBogotá _bMinisterio de Cultura _c2005 |
||
| 300 | 0 |
_a176 p. _bil, fot., láms. |
|
| 500 | 0 | _aIncluye discografía | |
| 500 | 0 | _aDonación de la Embajada de Colombia en Buenos Aires | |
| 505 |
_tFausto Cabrera : constructor de sueños _rCabrera, Sergio |
||
| 505 |
_tCatalino Parra : el último adiós de los gaiteros _rCandela, Mariano |
||
| 505 |
_tManuel H. Rodríguez : pionero de la memoria _rFlórez Góngora, Miguel Angel |
||
| 600 | 1 | 4 |
_aCabrera, Fausto _d1924- |
| 600 | 1 | 4 |
_aParra, Catalino _d1924- |
| 600 | 1 | 4 |
_aRodríguez, Manuel H. _d1920- |
| 600 | 1 | 4 | _aCabrera, Sergio |
| 650 | 4 | _aBIOGRAFIAS | |
| 650 | 4 | _aARTISTAS | |
| 650 | 4 | _aHISTORIA CONTEMPORANEA | |
| 650 | 4 | _aACTORES | |
| 650 | 4 | _aPERIODISTAS | |
| 650 | 4 | _aMUSICOS | |
| 651 | 4 | _aColombia | |
| 653 | 0 | _aHISTORIA COLOMBIANA | |
| 655 | _aBIOGRAFIAS | ||
| 700 | 1 | _aCabrera, Sergio | |
| 700 | 1 | _aCabrera, Marianella | |
| 700 | 1 | _aCandela, Mariano | |
| 700 | 1 | _aFlórez Góngora, Miguel Angel | |
| 942 | _cBK | ||
| 998 | _cNancy | ||
| 999 |
_c21512 _d21512 |
||